| 000 | 00587cam a22001814a 4500 | ||
|---|---|---|---|
| 020 | _a9780387307695 | ||
| 020 | _a0387307699 | ||
| 050 | 0 | 0 |
_aQA372 _b.C51 2006 |
| 100 | 1 | _aChicone, Carmen C. | |
| 245 | 1 | 0 |
_aOrdinary differential equations with applications / _cCarmen Chicone. |
| 250 | _a2nd ed. | ||
| 260 |
_aNew York ; _aBerlin : _bSpringer, _cc2006. |
||
| 300 | _axix, 623 p. : | ||
| 500 | _aTextbook for graduates. | ||
| 856 | 4 | 1 | _uhttp://www.loc.gov/catdir/toc/fy0704/2005937072.html |
| 856 | 4 | 2 | _uhttp://www.loc.gov/catdir/enhancements/fy0663/2005937072-d.html |
| 942 |
_2lcc _cGEN |
||
| 999 |
_c8842 _d8842 |
||